Visión de la doctrina política de la Iglesia Católica

Uloženo v:
Podrobná bibliografie
Hlavní autor: Tagle Martínez, Hugo (Autor)
Médium: Kniha
Jazyk:španělština
Vydáno: Santiago Instituto de Estudios Generales 1981
Témata:
Tagy: Přidat tag
Žádné tagy, Buďte první, kdo vytvoří štítek k tomuto záznamu!

MARC

LEADER 00000nam a2200000 a 4500
001 UCV2260
003 CL-VaPUC
008 920406e19810000cl |||||||||||||||||spa|d
082 0 4 |a 261.7  |b TAG  |2 21 
100 0 |a Tagle Martínez, Hugo  |e author  |9 296535 
245 1 0 |a Visión de la doctrina política de la Iglesia Católica 
300 |a 115 p 
942 |c BK 
945 |d 19920406 00:00:00 
260 |a Santiago  |b Instituto de Estudios Generales  |c 1981 
600 0 |a Iglesia católica  |9 255129 
650 0 |a Cristianismo y política  |9 255890 
650 0 |a Actividad política  |9 295875 
583 |a last modification  |c 20140828 11:26:38  |k Rodrigo Vera 
999 |c 209905  |d 209903 
952 |0 0  |1 0  |4 0  |6 261_700000000000000_TAG_1981  |7 0  |8 A  |9 185789  |a BIBDER  |b BIBDER  |d 2019-11-14  |i 2532158  |o 261.7 TAG 1981  |p 2532158  |r 2023-01-25  |w 2019-11-14  |y BK  |k DER 
952 |0 0  |1 0  |4 0  |6 261_700000000000000_TAG_1981  |7 0  |8 A  |9 185790  |a BIBDER  |b BIBDER  |d 2019-11-14  |i 1808990  |o 261.7 TAG 1981  |p 1808990  |r 2023-01-25  |w 2019-11-14  |y BK  |k DER 
952 |0 0  |1 0  |4 0  |6 261_700000000000000_TAG_1981  |7 0  |8 A  |9 185791  |a BIBTEO  |b BIBTEO  |d 2019-11-14  |i 3383016  |o 261.7 TAG 1981  |p 3383016  |r 2025-01-17  |w 2019-11-14  |y BK  |k ICR